[Event "Roquetas de Mar Long Memorial op"]
[Site "Roquetas de Mar"]
[Date "2025.05.12"]
[Round "4"]
[White "Tonndorf, Matthias"]
[Black "Semprun Martinez, Fernando M"]
[Result "1-0"]
[WhiteElo "2139"]
[BlackElo "2017"]
[PlyCount "49"]
[EventDate "2025.05.10"]
[EventType "swiss"]
[EventRounds "9"]
[EventCountry "ESP"]
[SourceTitle "CB21_2025"]
[SourceDate "2025.05.21"]
[SourceVersion "1"]
[SourceVersionDate "2025.05.21"]
[SourceQuality "1"]

1. c4 Nf6 2. d3 g6 3. g3 Bg7 4. Bg2 0-0 5. Nc3 c6 6. e4 e5 7. Nge2 d6 8. 0-0 Nbd7 9. h3 a5 10. Be3 Nc5 11. f4 exf4 12. gxf4 Re8 13. Ng3 Na6 14. Qd2 d5 15. cxd5 cxd5 16. exd5 Nb4 17. Bd4 Nbxd5 18. Nxd5 Nxd5 19. Bxg7 Kxg7 20. f5 Qb6+ 21. Kh2 Qe3 22. Qc2 Nb4 23. Qc3+ Qe5 24. f6+ Kh6 25. Qc4 1-0

[Event "Bayern-chI Bank Hofmann 27th"]
[Site "Gmund am Tegernsee"]
[Date "2024.10.29"]
[Round "4"]
[White "Spieker, Hans Joachim"]
[Black "Tonndorf, Matthias"]
[Result "0-1"]
[WhiteElo "1830"]
[BlackElo "2129"]
[PlyCount "100"]
[EventDate "2024.10.26"]
[EventType "swiss"]
[EventRounds "9"]
[EventCountry "GER"]
[SourceTitle "CB45_2024"]
[Source "ChessBase"]
[SourceDate "2024.11.06"]
[SourceVersion "1"]
[SourceVersionDate "2024.11.06"]
[SourceQuality "1"]

1. Nf3 c5 2. c4 b6 3. g3 Bb7 4. Bg2 e6 5. 0-0 Nf6 6. b3 Be7 7. Bb2 0-0 8. Nc3 d6 9. e3 a6 10. Qe2 Nbd7 11. Rfd1 Ra7 12. a3 Qa8 13. b4 cxb4 14. axb4 Ne5 15. Ne1 Bxg2 16. Nxg2 Rc8 17. d3 Qb7 18. b5 a5 19. Ne1 Ned7 20. Nf3 e5 21. e4 Nc5 22. Rac1 Bf8 23. Ba3 Ne6 24. Nd5 Nxd5 25. cxd5 Nc5 26. d4 exd4 27. Nxd4 Re8 28. Bxc5 dxc5 29. Nc6 Raa8 30. e5 Qd7 31. Qc4 g6 32. Re1 Bg7 33. Rcd1 h5 34. Qf4 Qh3 35. Re3 Rf8 36. Qe4 Kh7 37. d6 Bh6 38. Red3 Qd7 39. f4 Rae8 40. Ne7 Qxb5 41. f5 Qb4 42. fxg6+ Kh8 43. Qxb4 axb4 44. gxf7 Rxf7 45. Nc6 Rd7 46. Re1 Re6 47. Nb8 Rd8 48. d7 Bg5 49. Rd6 Rxd6 50. exd6 b3 0-1

[Event "Bayern-chI Bank Hofmann 27th"]
[Site "Gmund am Tegernsee"]
[Date "2024.10.27"]
[Round "2"]
[White "Priyanka, Nutakki"]
[Black "Tonndorf, Matthias"]
[Result "1-0"]
[WhiteElo "2289"]
[BlackElo "2129"]
[PlyCount "81"]
[EventDate "2024.10.26"]
[EventType "swiss"]
[EventRounds "9"]
[EventCountry "GER"]
[SourceTitle "CB45_2024"]
[Source "ChessBase"]
[SourceDate "2024.11.06"]
[SourceVersion "1"]
[SourceVersionDate "2024.11.06"]
[SourceQuality "1"]

1. d4 Nf6 2. Bf4 d5 3. e3 Bf5 4. c4 c6 5. cxd5 Nxd5 6. Bxb8 Rxb8 7. Nd2 Bg6 8. a3 e6 9. Ngf3 Be7 10. Be2 0-0 11. 0-0 c5 12. dxc5 Bxc5 13. Rc1 Qe7 14. b4 Bxe3 15. fxe3 Nxe3 16. Qa4 Nxf1 17. Bxf1 a6 18. Qa5 Rbc8 19. Rc4 Rxc4 20. Bxc4 Rc8 21. Qb6 Qc7 22. Qxc7 Rxc7 23. a4 Bc2 24. a5 Kf8 25. Kf2 Ke7 26. Ke3 Ba4 27. g3 f6 28. Nd4 Bd7 29. N4b3 f5 30. Nc5 Kf6 31. Bb3 g5 32. Nc4 e5 33. Nb6 f4+ 34. Kf2 Bc6 35. Nd5+ Bxd5 36. Bxd5 h5 37. Bxb7 g4 38. Bxa6 h4 39. Bb7 hxg3+ 40. hxg3 Rh7 41. Kg1 1-0

[Event "Bad Pyrmont Pape op 3rd"]
[Site "Bad Pyrmont"]
[Date "2024.07.26"]
[Round "2"]
[White "Solar, Peter"]
[Black "Tonndorf, Matthias"]
[Result "0-1"]
[WhiteElo "1911"]
[BlackElo "2169"]
[PlyCount "146"]
[EventDate "2024.07.25"]
[EventType "swiss"]
[EventRounds "7"]
[EventCountry "GER"]
[SourceTitle "CBM 221 Extra"]
[Source "ChessBase"]
[SourceDate "2024.09.30"]
[SourceVersion "1"]
[SourceVersionDate "2024.09.30"]
[SourceQuality "1"]

1. d4 Nf6 2. Nc3 e6 3. e4 Bb4 4. e5 Nd5 5. Qg4 Kf8 6. Nge2 d6 7. f4 c5 8. a3 cxd4 9. Nxd4 Bxc3+ 10. bxc3 dxe5 11. fxe5 Qc7 12. Qg3 Nd7 13. c4 N5b6 14. Bb2 Qxe5+ 15. Qxe5 Nxe5 16. Nxe6+ Bxe6 17. Bxe5 Nxc4 18. Bxc4 Bxc4 19. 0-0-0 Bb5 20. Rhe1 Bc6 21. Bd6+ Kg8 22. g3 h5 23. h4 f6 24. Kb2 Kh7 25. Bc5 Rhc8 26. Bd4 Ba4 27. Rd2 Rc7 28. Rde2 b6 29. c3 Rf8 30. Re7 Rf7 31. Rxc7 Rxc7 32. Kc1 Kg6 33. Rf1 Bb5 34. Rf2 Re7 35. Kd2 Re4 36. Kd1 Rg4 37. Rf3 Re4 38. Rf2 Bc4 39. Kd2 Re6 40. Kd1 Rc6 41. Kd2 Be6 42. Rf4 Bf5 43. Be3 Rc7 44. Rd4 Re7 45. Rf4 Be4 46. Bd4 Re6 47. Rf1 Rc6 48. Rf4 Bd5 49. Be3 a6 50. Rb4 b5 51. Rf4 Re6 52. Rd4 Rd6 53. Rf4 Kf7 54. Bd4 Be6 55. Kc2 Bg4 56. Kd2 Ke6 57. Re4+ Kd7 58. Kc1 Rd5 59. Kd2 Bf5 60. Re1 Bh3 61. Re2 Bg4 62. Rf2 Rd6 63. Rf1 Kc6 64. Re1 Be6 65. Kc1 Kd5 66. Kb2 Kc4 67. Re4 Kd3 68. Bc5 Rc6 69. Rd4+ Ke2 70. Bf8 g5 71. hxg5 fxg5 72. Rd6 Rxd6 73. Bxd6 h4 0-1

[Event "Oberliga Nord W 2324"]
[Site "Germany"]
[Date "2024.04.14"]
[Round "8.2"]
[White "Schmidt, Benjamin"]
[Black "Tonndorf, Matthias"]
[Result "0-1"]
[WhiteElo "1943"]
[BlackElo "2166"]
[PlyCount "74"]
[EventDate "2023.10.22"]
[EventType "team-tourn"]
[EventRounds "9"]
[EventCountry "GER"]
[SourceTitle "EXT 2025"]
[Source "ChessBase"]
[SourceDate "2024.10.14"]
[SourceVersion "1"]
[SourceVersionDate "2024.10.14"]
[SourceQuality "1"]
[WhiteTeam "Ricklingen"]
[BlackTeam "Hameln"]
[WhiteTeamCountry "GER"]
[BlackTeamCountry "GER"]

1. d4 Nf6 2. c4 e6 3. Nc3 Bb4 4. Qc2 c5 5. dxc5 0-0 6. a3 Bxc5 7. Nf3 b6 8. e4 Ng4 9. Bg5 f6 10. Bh4 Nc6 11. 0-0-0 a6 12. Kb1 Rf7 13. h3 Nge5 14. Nxe5 Nxe5 15. Bg3 Qc7 16. Bh2 Bf8 17. Na2 Bb7 18. f4 Ng6 19. g3 Rc8 20. Rc1 Qb8 21. Bg2 b5 22. Qe2 bxc4 23. Rxc4 Rxc4 24. Qxc4 Bxa3 25. bxa3 Bxe4+ 26. Ka1 Bxg2 27. Rc1 Qa8 28. h4 Ne7 29. Nb4 a5 30. Na6 Nc6 31. Nc5 Bd5 32. Qc3 Re7 33. g4 d6 34. Na4 Rb7 35. Qe3 Qa6 36. f5 Rb3 37. Rc3 Qf1+ 0-1

[Event "Oberliga Nord W 2324"]
[Site "Germany"]
[Date "2024.03.17"]
[Round "7.2"]
[White "Gronde, Ingo"]
[Black "Tonndorf, Matthias"]
[Result "1/2-1/2"]
[WhiteElo "2309"]
[BlackElo "2159"]
[PlyCount "73"]
[EventDate "2023.10.22"]
[EventType "team-tourn"]
[EventRounds "9"]
[EventCountry "GER"]
[SourceTitle "EXT 2025"]
[Source "ChessBase"]
[SourceDate "2024.10.14"]
[SourceVersion "1"]
[SourceVersionDate "2024.10.14"]
[SourceQuality "1"]
[WhiteTeam "Hellern"]
[BlackTeam "Hameln"]
[WhiteTeamCountry "GER"]
[BlackTeamCountry "GER"]

1. e4 c5 2. Nf3 e6 3. d4 cxd4 4. Nxd4 a6 5. Bd3 Nf6 6. 0-0 Qc7 7. Qe2 d6 8. f4 Nbd7 9. c4 b6 10. b3 Bb7 11. Nc3 Be7 12. Bb2 g6 13. Rae1 0-0 14. Kh1 Nh5 15. f5 e5 16. fxg6 hxg6 17. Nf5 Nc5 18. Bc2 Ne6 19. Nd5 Bxd5 20. exd5 Neg7 21. g4 Nxf5 22. gxf5 Bh4 23. fxg6 fxg6 24. Rxf8+ Rxf8 25. Rg1 Nf4 26. Qg4 Bf2 27. Rf1 Bc5 28. Bc1 Qg7 29. Bxf4 Rxf4 30. Rxf4 exf4 31. Bxg6 f3 32. Qc8+ Qf8 33. Qd7 Qf4 34. Qh7+ Kf8 35. Qh8+ Ke7 36. Qg7+ Kd8 37. Qg8+ 1/2-1/2

[Event "Oberliga Nord W 2324"]
[Site "Germany"]
[Date "2024.02.04"]
[Round "5.2"]
[White "Wiegmann, Sascha"]
[Black "Tonndorf, Matthias"]
[Result "1-0"]
[WhiteElo "2307"]
[BlackElo "2165"]
[PlyCount "53"]
[EventDate "2023.10.22"]
[EventType "team-tourn"]
[EventRounds "9"]
[EventCountry "GER"]
[SourceTitle "EXT 2025"]
[Source "ChessBase"]
[SourceDate "2024.10.14"]
[SourceVersion "1"]
[SourceVersionDate "2024.10.14"]
[SourceQuality "1"]
[WhiteTeam "Uelzen Post"]
[BlackTeam "Hameln"]
[WhiteTeamCountry "GER"]
[BlackTeamCountry "GER"]

1. Nf3 b5 2. e4 a6 3. d4 Bb7 4. Bd3 Nf6 5. e5 Nd5 6. a4 b4 7. 0-0 e6 8. Nbd2 Be7 9. Ne4 h6 10. a5 d6 11. c4 bxc3 12. bxc3 dxe5 13. Rb1 Qc8 14. Nxe5 Nf6 15. Qa4+ Kf8 16. Re1 Nxe4 17. Bxe4 Bxe4 18. Rxe4 Bd6 19. Nc4 f5 20. Re2 Kf7 21. Ba3 Bxa3 22. Ne5+ Kg8 23. Qxa3 Kh7 24. Qb3 c5 25. dxc5 Qxc5 26. Qxe6 Rf8 27. Rb7 1-0

[Event "Oberliga Nord W 2324"]
[Site "Germany"]
[Date "2024.01.14"]
[Round "4.2"]
[White "Tonndorf, Matthias"]
[Black "Mueer, Sebastian"]
[Result "1/2-1/2"]
[WhiteElo "2184"]
[BlackElo "2189"]
[PlyCount "205"]
[EventDate "2023.10.22"]
[EventType "team-tourn"]
[EventRounds "9"]
[EventCountry "GER"]
[SourceTitle "EXT 2025"]
[Source "ChessBase"]
[SourceDate "2024.10.14"]
[SourceVersion "1"]
[SourceVersionDate "2024.10.14"]
[SourceQuality "1"]
[WhiteTeam "Hameln"]
[BlackTeam "Oldenburg Union"]
[WhiteTeamCountry "GER"]
[BlackTeamCountry "GER"]

1. e4 c5 2. Nf3 e6 3. d4 cxd4 4. Nxd4 Nf6 5. Nc3 Nc6 6. g3 d5 7. Bb5 Bd7 8. exd5 exd5 9. 0-0 Be7 10. Re1 0-0 11. Bf4 Rc8 12. Nxc6 Bxc6 13. Be3 Bb4 14. Bxc6 Rxc6 15. Bd4 Ne4 16. Qg4 Rg6 17. Qf5 Qa5 18. Qxd5 Nxc3 19. Qxa5 Bxa5 20. bxc3 Rc6 21. Re7 Bxc3 22. Bxc3 Rxc3 23. Rxb7 Rxc2 24. Rxa7 h5 25. h4 g6 26. Rd1 Kg7 27. Rdd7 Rb2 28. Kg2 Rc2 29. Rd4 Kg8 30. Rda4 Kg7 31. Ra8 Rxa8 32. Rxa8 f6 33. Ra7+ Kh6 34. a4 g5 35. hxg5+ fxg5 36. a5 Ra2 37. a6 g4 38. Kf1 Kg6 39. Ra8 Kg7 40. Ke1 Kh7 41. a7 Kg7 42. Kd1 Kh7 43. Kc1 Kg7 44. Kb1 Ra5 45. Kb2 Ra6 46. Kb3 Ra5 47. Kb4 Ra2 48. Kc5 Rc2+ 49. Kd4 Rd2+ 50. Ke3 Ra2 51. Ke4 Ra4+ 52. Kd3 Ra2 53. Kc4 Ra5 54. Kb4 Ra2 55. Kb5 Rb2+ 56. Kc6 Rc2+ 57. Kd5 Rd2+ 58. Kc5 Rc2+ 59. Kd6 Rd2+ 60. Kc5 Rc2+ 61. Kd4 Rd2+ 62. Ke3 Ra2 63. Kd3 Kh7 64. Kc4 Kg7 65. Kb4 Kh7 66. Kb3 Ra5 67. Kc4 Kg7 68. Kd4 Ra2 69. Ke4 Re2+ 70. Kf4 Rxf2+ 71. Kg5 Ra2 72. Kxh5 Ra4 73. Kg5 Kh7 74. Kf6 Ra5 75. Ke6 Kg7 76. Kd6 Kh7 77. Kc6 Ra1 78. Kb6 Rb1+ 79. Kc5 Rc1+ 80. Kd4 Ra1 81. Ke5 Ra4 82. Kf5 Kg7 83. Kg5 Kh7 84. Kf6 Ra5 85. Re8 Rxa7 86. Re7+ Rxe7 87. Kxe7 Kg7 88. Ke6 Kg6 89. Ke5 Kg5 90. Ke4 Kf6 91. Kf4 Kf7 92. Kf5 Kg7 93. Kxg4 Kg6 94. Kf4 Kf6 95. g4 Kg6 96. g5 Kg7 97. Kf5 Kf7 98. g6+ Kg7 99. Kg5 Kg8 100. Kf5 Kg7 101. Kg5 Kg8 102. Kf6 Kf8 103. g7+ 1/2-1/2

[Event "Niedersachsen-ch"]
[Site "Verden an der Aller"]
[Date "2024.01.05"]
[Round "3"]
[White "Tonndorf, Matthias"]
[Black "Knuedel, Torben"]
[Result "0-1"]
[WhiteElo "2184"]
[BlackElo "2287"]
[PlyCount "132"]
[EventDate "2024.01.04"]
[EventType "swiss"]
[EventRounds "7"]
[EventCountry "GER"]
[SourceTitle "CBM 218 Extra"]
[Source "ChessBase"]
[SourceDate "2024.03.31"]
[SourceVersion "1"]
[SourceVersionDate "2024.03.31"]
[SourceQuality "1"]

1. b3 Nf6 2. Bb2 e6 3. g3 d5 4. Bg2 Be7 5. e3 0-0 6. Nf3 b6 7. 0-0 Bb7 8. d3 c5 9. Nbd2 Nc6 10. Qe2 Rc8 11. a3 Rc7 12. e4 d4 13. Ne1 e5 14. f4 b5 15. Bc1 Bc8 16. f5 Nd7 17. Ndf3 c4 18. b4 a5 19. bxa5 Ba6 20. g4 f6 21. h4 b4 22. axb4 Nxb4 23. Ba3 cxd3 24. cxd3 Rc3 25. Bxb4 Bxb4 26. Nd2 Nc5 27. Rf3 Rf7 28. Rg3 Nb3 29. Nxb3 Rxb3 30. g5 Bc3 31. g6 Re7 32. Qa2 Qb8 33. gxh7+ Kxh7 34. Rd1 Rb2 35. Qa3 Qb4 36. Qxb4 Rxb4 37. Bf1 Reb7 38. Nf3 Rb1 39. Rxb1 Rxb1 40. Nh2 Bxa5 41. Ng4 Bd2 42. Rh3 Bb5 43. Kg2 Rb2 44. Kg1 Bf4 45. Rf3 Rd2 46. Rh3 Ba4 47. Nh2 Be3+ 48. Kh1 Bc2 49. Ng4 Bxd3 50. Bxd3 Rxd3 51. Kg2 Rd2+ 52. Kf3 Bf4 53. Nf2 Ra2 54. Nd3 Be3 55. Rh1 Rd2 56. Nc5 Rf2+ 57. Kg4 Rc2 58. Ne6 d3 59. Kf3 Bb6 60. Rd1 Rf2+ 61. Kg3 d2 62. Nf8+ Kh6 63. Nd7 Bd4 64. Rb1 Re2 65. Rb8 Re3+ 66. Kg2 Kh5 0-1

[Event "Duesseldorf DSAM Qual"]
[Site "Duesseldorf"]
[Date "2023.12.16"]
[Round "1"]
[White "Tonndorf, Matthias"]
[Black "Wolter, Kai"]
[Result "1/2-1/2"]
[WhiteElo "2212"]
[BlackElo "2175"]
[PlyCount "123"]
[EventDate "2023.12.16"]
[EventType "swiss"]
[EventRounds "5"]
[EventCountry "GER"]
[SourceTitle "EXT 2025"]
[Source "ChessBase"]
[SourceDate "2024.10.14"]
[SourceVersion "1"]
[SourceVersionDate "2024.10.14"]
[SourceQuality "1"]

1. e4 c5 2. Nf3 e6 3. d4 cxd4 4. Nxd4 Nc6 5. Nc3 Qc7 6. g3 a6 7. Bg2 d6 8. 0-0 Bd7 9. Re1 Be7 10. Nxc6 Bxc6 11. Qg4 h5 12. Qe2 h4 13. a4 hxg3 14. hxg3 Kf8 15. b4 Bf6 16. Ra3 Ne7 17. b5 Bd7 18. Bd2 Ng6 19. Rb3 Ne5 20. bxa6 Rxa6 21. Reb1 Bc8 22. Rb4 g5 23. Nb5 Qe7 24. Be3 Nc6 25. Rc4 Kg7 26. Rd1 Rd8 27. Bc1 Na5 28. Rc7 Bd7 29. Qe1 Rc8 30. e5 Bxe5 31. Rxd7 Qxd7 32. Qxe5+ dxe5 33. Rxd7 g4 34. Bb2 Kf6 35. Nd6 Rxd6 36. Rxd6 Nc4 37. Bxb7 Rc7 38. Rc6 Rxb7 39. Bc3 Nb6 40. a5 Nd5 41. Bd2 Rb1+ 42. Kg2 Rd1 43. Bh6 Ra1 44. c4 Nb4 45. Rb6 Nd3 46. Bd2 Ra2 47. Bc3 Rxf2+ 48. Kg1 Rc2 49. Rb3 Nc1 50. Ra3 Ne2+ 51. Kf1 Nxc3 52. a6 Nb1 53. a7 Nxa3 54. a8Q Nxc4 55. Qd8+ Kf5 56. Qe7 Ne3+ 57. Kg1 Rg2+ 58. Kh1 Rxg3 59. Qxf7+ Ke4 60. Qb7+ Kf5 61. Qf7+ Ke4 62. Qb7+ 1/2-1/2

[Event "Oberliga Nord W 2324"]
[Site "Germany"]
[Date "2023.12.03"]
[Round "3.2"]
[White "Zeitlein, Michael"]
[Black "Tonndorf, Matthias"]
[Result "1-0"]
[WhiteElo "2337"]
[BlackElo "2212"]
[PlyCount "113"]
[EventDate "2023.10.22"]
[EventType "team-tourn"]
[EventRounds "9"]
[EventCountry "GER"]
[SourceTitle "EXT 2025"]
[Source "ChessBase"]
[SourceDate "2024.10.14"]
[SourceVersion "1"]
[SourceVersionDate "2024.10.14"]
[SourceQuality "1"]
[WhiteTeam "Kirchweyhe II"]
[BlackTeam "Hameln"]
[WhiteTeamCountry "GER"]
[BlackTeamCountry "GER"]

1. d4 Nf6 2. Nf3 e6 3. e3 b6 4. Bd3 Bb7 5. Nbd2 c5 6. 0-0 cxd4 7. exd4 Be7 8. Re1 0-0 9. c3 d6 10. a4 Nc6 11. Ne4 Re8 12. Nfg5 h6 13. Nxf6+ Bxf6 14. Bh7+ Kf8 15. Ne4 d5 16. Nxf6 Qxf6 17. Re3 g5 18. h4 Qg7 19. Bc2 e5 20. hxg5 hxg5 21. Rg3 f6 22. Qh5 exd4 23. Bxg5 fxg5 24. Rxg5 Re5 25. Rxg7 Rxh5 26. Rxb7 dxc3 27. bxc3 Re5 28. Rc7 Na5 29. Rd1 Rae8 30. Rxa7 Re1+ 31. Kh2 R1e2 32. Bg6 R8e6 33. Bh5 R2e5 34. Bf3 Rd6 35. Rd4 Nc6 36. Rf4+ Ke8 37. Rh7 Re7 38. Bh5+ Kd8 39. Rf8+ Kc7 40. Rxe7+ Nxe7 41. Rf7 Kd8 42. g4 Rc6 43. g5 Rxc3 44. g6 Rc6 45. g7 Rh6 46. Rf8+ Kd7 47. Rh8 Rf6 48. Kg2 Kd6 49. g8Q Nxg8 50. Rxg8 Rf4 51. Rg4 Rf5 52. Bg6 Re5 53. Bd3 Kc5 54. f4 Re1 55. f5 Rd1 56. Rg3 Ra1 57. Bb5 1-0

[Event "Bad Pyrmont Pape op-A 2nd"]
[Site "Bad Pyrmont"]
[Date "2023.08.12"]
[Round "4"]
[White "Laubsch, Bernd"]
[Black "Tonndorf, Matthias"]
[Result "1/2-1/2"]
[WhiteElo "2257"]
[BlackElo "2154"]
[PlyCount "107"]
[EventDate "2023.08.10"]
[EventType "swiss"]
[EventRounds "7"]
[EventCountry "GER"]
[SourceTitle "EXT 2024"]
[Source "ChessBase"]
[SourceDate "2023.10.10"]
[SourceVersion "1"]
[SourceVersionDate "2023.10.10"]
[SourceQuality "1"]

1. e4 c5 2. Nf3 e6 3. d4 cxd4 4. Nxd4 Nc6 5. Nc3 Qc7 6. Be2 Nf6 7. 0-0 a6 8. Nxc6 bxc6 9. f4 d6 10. b3 Be7 11. Qd3 Nd7 12. Bb2 0-0 13. Rad1 e5 14. f5 Bb7 15. Ba3 Nf6 16. Bxd6 Qb6+ 17. Kh1 Rfd8 18. Bxe7 Rxd3 19. Rxd3 Re8 20. Na4 Qa5 21. Bxf6 gxf6 22. Rd7 Bc8 23. Ra7 Qd2 24. Bc4 Rf8 25. Nb6 Qxc2 26. Rc7 Qxe4 27. Nxc8 Qd4 28. Ne7+ Kh8 29. h3 e4 30. Rb7 e3 31. Nxc6 Qe4 32. Re7 Qxc6 33. Rxe3 Qc5 34. Rff3 Qa3 35. Re2 Qc1+ 36. Kh2 Rd8 37. a4 Rd1 38. Re8+ Kg7 39. Rg3+ Kh6 40. Rg4 Rh1+ 41. Kg3 Qc3+ 42. Kh4 Re1 43. Rxe1 Qxe1+ 44. g3 Qb1 45. Rf4 Kg7 46. Kh5 a5 47. Rg4+ Kf8 48. Rf4 Qe1 49. Kg4 Qe3 50. Kh4 Qd2 51. Kg4 Qd1+ 52. Kh4 Qd2 53. Kg4 Qd1+ 54. Kh4 1/2-1/2

[Event "Bad Pyrmont Pape op-A 2nd"]
[Site "Bad Pyrmont"]
[Date "2023.08.12"]
[Round "5"]
[White "Tonndorf, Matthias"]
[Black "Sauer, Tim"]
[Result "1-0"]
[WhiteElo "2154"]
[BlackElo "2083"]
[PlyCount "87"]
[EventDate "2023.08.10"]
[EventType "swiss"]
[EventRounds "7"]
[EventCountry "GER"]
[SourceTitle "EXT 2024"]
[Source "ChessBase"]
[SourceDate "2023.10.10"]
[SourceVersion "1"]
[SourceVersionDate "2023.10.10"]
[SourceQuality "1"]

1. e4 c5 2. Nf3 g6 3. c3 d5 4. exd5 Qxd5 5. d4 Bg7 6. Na3 cxd4 7. Nb5 Na6 8. Be3 Nh6 9. Bxd4 0-0 10. Bxa7 Qh5 11. h3 Bg4 12. Rg1 Rfd8 13. Qe2 Bxf3 14. Qxf3 Qe5+ 15. Be2 Nf5 16. g4 Nb4 17. Kf1 Nc6 18. Bb6 Nh4 19. Qe3 Qxe3 20. Bxe3 Ne5 21. Nd4 h6 22. f4 Nc6 23. Nxc6 bxc6 24. Kf2 Bf6 25. a4 Rdb8 26. Ra2 Ra5 27. b4 Rd5 28. Rc1 g5 29. a5 Ng6 30. f5 Ne5 31. Bd4 h5 32. a6 hxg4 33. hxg4 Ra8 34. Bxe5 Bxe5 35. Bf3 Rd3 36. Bxc6 Ra7 37. Ra3 Bc7 38. Ke2 Rh3 39. Rh1 Rg3 40. Bf3 Bd6 41. Ra4 e6 42. fxe6 fxe6 43. b5 Bc7 44. Rc4 1-0

[Event "Niedersachsen-ch"]
[Site "Verden"]
[Date "2023.01.07"]
[Round "6"]
[White "Tarasenko, Nazar"]
[Black "Tonndorf, Matthias"]
[Result "1/2-1/2"]
[WhiteElo "1880"]
[BlackElo "2154"]
[PlyCount "109"]
[EventDate "2023.01.05"]
[EventType "swiss"]
[EventRounds "7"]
[EventCountry "GER"]
[SourceTitle "CBM 212 Extra"]
[Source "ChessBase"]
[SourceDate "2023.03.31"]
[SourceVersion "1"]
[SourceVersionDate "2023.03.31"]
[SourceQuality "1"]

1. d4 Nf6 2. Nf3 e6 3. c4 Bb4+ 4. Nc3 c5 5. e3 0-0 6. Be2 Nc6 7. 0-0 h6 8. Bd2 cxd4 9. exd4 d5 10. a3 Bd6 11. Re1 dxc4 12. Bxc4 a6 13. Bd3 Bc7 14. Be3 Ng4 15. Qe2 Nxe3 16. fxe3 e5 17. d5 Ne7 18. e4 Ng6 19. g3 Bg4 20. Qg2 Bd6 21. Kh1 Rc8 22. Nd2 Bc5 23. Rac1 Qd7 24. Nc4 Bd4 25. a4 Qe7 26. h3 Bd7 27. Kh2 Qb4 28. Qe2 Bxa4 29. Nxa4 Qxa4 30. Nd6 Rxc1 31. Rxc1 Qb4 32. Nf5 Bb6 33. h4 Bd8 34. d6 Kh7 35. Rd1 Nh8 36. Bc4 g6 37. Ne3 b5 38. Bd5 Qxd6 39. Bxf7 Qf6 40. Ba2 h5 41. Rd7+ Nf7 42. Nd5 Qc6 43. Ra7 Qc5 44. Rd7 Kh8 45. Qd2 Ng5 46. Kg2 Nh7 47. b4 Qc8 48. Nc3 Bb6 49. Be6 Qe8 50. Qd5 Bd4 51. Bf7 Qc8 52. Qe6 Qxc3 53. Qxg6 Qd2+ 54. Kh3 Qd1 55. Qxh7+ 1/2-1/2

[Event "Niedersachsen-ch"]
[Site "Verden"]
[Date "2023.01.07"]
[Round "5"]
[White "Tonndorf, Matthias"]
[Black "Polster, Christian"]
[Result "0-1"]
[WhiteElo "2154"]
[BlackElo "2233"]
[PlyCount "64"]
[EventDate "2023.01.05"]
[EventType "swiss"]
[EventRounds "7"]
[EventCountry "GER"]
[SourceTitle "CBM 212 Extra"]
[Source "ChessBase"]
[SourceDate "2023.03.31"]
[SourceVersion "1"]
[SourceVersionDate "2023.03.31"]
[SourceQuality "1"]

1. e4 d5 2. exd5 Qxd5 3. Nc3 Qd6 4. Bc4 Nf6 5. d3 a6 6. Nge2 b5 7. Bb3 Bb7 8. 0-0 c5 9. f3 Qb6 10. Be3 e6 11. Qe1 Nbd7 12. Qg3 h5 13. Nf4 h4 14. Qh3 g5 15. Nxe6 fxe6 16. Bxe6 g4 17. Bxg4 Nxg4 18. Qxg4 0-0-0 19. Bg5 Re8 20. Bxh4 Qh6 21. Bg3 Bd6 22. Bxd6 Qxd6 23. Qg3 Qh6 24. Ne4 Bxe4 25. fxe4 Reg8 26. Qf4 Qh5 27. Rae1 Rg4 28. Qd6 Rh6 29. Rf8+ Nxf8 30. Qxf8+ Kd7 31. Qb8 Rf6 32. e5 Rxg2+ 0-1

[Event "Niedersachsen-ch"]
[Site "Verden"]
[Date "2023.01.06"]
[Round "3"]
[White "Tonndorf, Matthias"]
[Black "Bargsten, Justus"]
[Result "1-0"]
[WhiteElo "2154"]
[BlackElo "2152"]
[PlyCount "51"]
[EventDate "2023.01.05"]
[EventType "swiss"]
[EventRounds "7"]
[EventCountry "GER"]
[SourceTitle "CBM 212 Extra"]
[Source "ChessBase"]
[SourceDate "2023.03.31"]
[SourceVersion "1"]
[SourceVersionDate "2023.03.31"]
[SourceQuality "1"]

1. e4 c5 2. Nf3 Nc6 3. Bb5 g6 4. Bxc6 dxc6 5. 0-0 Bg7 6. Nc3 e5 7. d3 Qe7 8. a4 a5 9. Nd2 Be6 10. b3 Nf6 11. Nc4 Nd7 12. Bb2 0-0 13. Qd2 Rfd8 14. Ne2 b6 15. f4 f5 16. exf5 Bxf5 17. Ng3 Be6 18. Nxe5 Nxe5 19. Bxe5 Bxe5 20. fxe5 Rd5 21. Rae1 b5 22. Ne4 Rd4 23. Qc3 bxa4 24. Qxc5 Qa7 25. Rf8+ Kg7 26. Rxa8 1-0

[Event "Oberliga Nord W 2223"]
[Site "Germany"]
[Date "2022.11.27"]
[Round "2.2"]
[White "Simon, Ralf Axel"]
[Black "Tonndorf, Matthias"]
[Result "0-1"]
[WhiteElo "2093"]
[BlackElo "2139"]
[PlyCount "90"]
[EventDate "2022.10.23"]
[EventType "team-tourn"]
[EventRounds "9"]
[EventCountry "GER"]
[SourceTitle "EXT 2025"]
[Source "ChessBase"]
[SourceDate "2024.10.14"]
[SourceVersion "1"]
[SourceVersionDate "2024.10.14"]
[SourceQuality "1"]
[WhiteTeam "Ricklingen"]
[BlackTeam "Hameln"]
[WhiteTeamCountry "GER"]
[BlackTeamCountry "GER"]

1. c4 c5 2. Nf3 Nc6 3. Nc3 g6 4. e3 Bg7 5. d4 d6 6. d5 Ne5 7. Nxe5 Bxe5 8. Bd3 f5 9. e4 Bxc3+ 10. bxc3 fxe4 11. Bxe4 Nf6 12. Bc2 Qa5 13. Bd2 Qa6 14. Qe2 0-0 15. 0-0 Rf7 16. Rfe1 Bd7 17. f3 Re8 18. g4 e6 19. dxe6 Bxe6 20. Bb3 Qc6 21. Qd3 Nd7 22. f4 a5 23. a4 Nf6 24. h3 b6 25. Re2 Bc8 26. Rae1 Rxe2 27. Rxe2 Bb7 28. Qg3 Qh1+ 29. Kf2 Ne4+ 30. Rxe4 Qxe4 31. Qe3 Qg2+ 32. Ke1 Kf8 33. Qd3 Re7+ 34. Be3 Qxh3 35. Kd2 Qg2+ 36. Kc1 Qh1+ 37. Kb2 Qf3 38. Qxd6 Qxe3 39. Qf6+ Kg8 40. Bc2 Qe6 41. Qg5 Be4 42. f5 Qe5 43. Bxe4 Qxe4 44. fxg6 hxg6 45. Qf6 Qe6 0-1

[Event "DSOL 01 Liga Gr-B 1st"]
[Site "Playchess.com INT"]
[Date "2020.07.31"]
[Round "6.1"]
[White "Tonndorf, Matthias"]
[Black "Braun, Christian1"]
[Result "0-1"]
[WhiteElo "2143"]
[BlackElo "2431"]
[PlyCount "76"]
[EventDate "2020.06.22"]
[EventType "team-tourn (rapid)"]
[EventCountry "GER"]
[SourceTitle "EXT 2021"]
[Source "ChessBase"]
[SourceDate "2020.10.23"]
[SourceVersion "1"]
[SourceVersionDate "2020.10.23"]
[SourceQuality "1"]
[WhiteTeam "Hameln"]
[BlackTeam "Porz SG"]
[WhiteTeamCountry "GER"]
[BlackTeamCountry "GER"]

1. e4 e6 2. d4 d5 3. e5 c5 4. c3 Qb6 5. a3 Nc6 6. Nf3 Nh6 7. b4 cxd4 8. cxd4 Nf5 9. Bb2 Bd7 10. g4 Nfe7 11. Nc3 Na5 12. Nd2 Rc8 13. Na4 Qc6 14. b5 Qc2 15. Qxc2 Rxc2 16. Bd3 Rc8 17. Ke2 Nc4 18. Bxc4 dxc4 19. Nc3 Nd5 20. a4 Bb4 21. Nde4 0-0 22. h3 f5 23. gxf5 Rxf5 24. Nxd5 exd5 25. Bc3 Be7 26. Ng3 Rf4 27. Rh2 Rcf8 28. Nf1 Bh4 29. Ng3 Rf3 30. Be1 a6 31. bxa6 bxa6 32. Nf1 Rd3 33. Bb4 Rb8 34. Ba3 Rbb3 35. Bc5 Be8 36. Ne3 Bh5+ 37. Kf1 Bf3 38. Nf5 c3 0-1